| 000 | 00876nam a2200313Ia 4500 | ||
|---|---|---|---|
| 003 | OSt | ||
| 005 | 20220912151200.0 | ||
| 006 | a|||||r|||| 00| 0 | ||
| 007 | ta | ||
| 008 | 220909b |||||||| |||| 00| 0 eng d | ||
| 020 | _a0521010403 (pbk) | ||
| 024 | _a9879 | ||
| 037 | _bThe Book, | ||
| 037 | _cTextual | ||
| 040 |
_aCSL _beng _cCSL |
||
| 041 | _aeng | ||
| 082 | _aB27M09, P1 | ||
| 100 | _aPressley Andrew Ed | ||
| 245 | 0 | _aQuantum groups and lie theory | |
| 260 |
_aCambridge _bCambridge University Press _c2001 |
||
| 300 | _aviii, 234p | ||
| 490 | _aLondon mathematical society lecture note series; 290 | ||
| 500 | _aIncludes bibliogaphical references. | ||
| 650 | _a Group theory | ||
| 650 | _a Lie groups | ||
| 650 | _aMathematics | ||
| 942 |
_hB27M09, P1 _cTEXL _2CC |
||
| 999 |
_c62939 _d62939 |
||